<?xml version="1.0" encoding="UTF-8"?>
<marc:record xmlns:marc="http://www.loc.gov/MARC21/slim">
   <marc:leader>00000nam a2200000 a 4500</marc:leader>
   <marc:datafield ind1="1" ind2=" " tag="100">
      <marc:subfield code="a">Horst, Jørn Lier</marc:subfield>
      <marc:subfield code="4">aut</marc:subfield>
      <marc:subfield code="e">Verfasser/-in</marc:subfield>
   </marc:datafield>
   <marc:datafield ind1=" " ind2=" " tag="653">
      <marc:subfield code="a">Geld</marc:subfield>
   </marc:datafield>
   <marc:datafield ind1=" " ind2=" " tag="653">
      <marc:subfield code="a">Politik</marc:subfield>
   </marc:datafield>
   <marc:datafield ind1=" " ind2=" " tag="653">
      <marc:subfield code="a">Krimi</marc:subfield>
   </marc:datafield>
   <marc:datafield ind1=" " ind2=" " tag="653">
      <marc:subfield code="a">Kriminalroman</marc:subfield>
   </marc:datafield>
   <marc:datafield ind1="0" ind2="0" tag="245">
      <marc:subfield code="a">Wisting und der fensterlose Raum</marc:subfield>
   </marc:datafield>
   <marc:datafield ind1="0" ind2="0" tag="245">
      <marc:subfield code="b">Kriminalroman</marc:subfield>
   </marc:datafield>
   <marc:datafield ind1=" " ind2="1" tag="264">
      <marc:subfield code="b">Piper</marc:subfield>
      <marc:subfield code="c">2020</marc:subfield>
   </marc:datafield>
   <marc:datafield ind1="1" ind2=" " tag="490">
      <marc:subfield code="a">Cold cases</marc:subfield>
   </marc:datafield>
   <marc:datafield ind1="1" ind2=" " tag="520">
      <marc:subfield code="a">Klappentext: William Wisting bekommt einen äußerst heiklen Auftrag: Im idyllischen Wochenendhaus eines an Herzinfarkt plötzlich verstorbenen Spitzenpolitikers wurden Umzugskisten mit achtzig Millionen Kronen gefunden. Die Kisten standen im innersten, fensterlosen Raum des Hauses. Stammt das Geld etwa aus einem Raubüberfall, der fast zwanzig Jahre zurückliegt? Unterstützung bekommt Wisting von Adrian Stiller, der sich gerade mit dem ungeklärten Verschwinden des möglichen Täters befasst. Doch wie gelangte das Geld in den Besitz des Politikers? Oder stammt es gar aus einer ganz anderen Quelle?</marc:subfield>
   </marc:datafield>
   <marc:datafield ind1=" " ind2=" " tag="020">
      <marc:subfield code="a">9783492061421</marc:subfield>
      <marc:subfield code="9">9783492061421</marc:subfield>
   </marc:datafield>
</marc:record>
